| 000 | 00433nam a2200133Ia 4500 | ||
|---|---|---|---|
| 008 | 170221s9999 xx 000 0 und d | ||
| 100 | _aShingo Goto | ||
| 245 | 4 | _aThe Information Content of Corporate Pension Funding Status in Japan (pages 903–949) | |
| 245 | _cShingo Goto and Noriyoshi Yanase | ||
| 260 | _c2012 | ||
| 300 | _a20 : 1 | ||
| 650 | _xBusiness | ||
| 856 | _uhttp://onlinelibrary.wiley.com/doi/10.1111/jbfa.12197/pdf | ||
| 999 |
_c311715 _d311715 |
||